Personnages de la saga Harry Potter qui battent Voldemort - Statistiques

Statistiques générales
  • Ce quiz a été pris 253 fois
  • Le résultat moyen est 10 sur 24
Statistiques - réponses
Rang Indices Personnages % Correct
14 ex-æquo Cerf James Potter
91%
14 ex-æquo Biche Lily Potter
90%
13 Trevor Neville Londubat
84%
12 Rousse Ginny Weasley
78%
5 Wulfric Albus Dumbledore
73%
22 Bulgarie Viktor Krum
70%
10 ex-æquo Gred George Weasley
55%
6 Sniffle Sirius Black
54%
7 CI-GÎT Dobby
52%
8 Roi Ouistiti Ron Weasley
47%
10 ex-æquo Rapière Fred Weasley
44%
9 Howard Harry Potter
36%
1 Puckle Hermione Granger
34%
11 Émilie Rault Luna Lovegood
19%
15 Benedict Clarke Severus Rogue
19%
18 Gleeson Alastor Maugrey
16%
16 Gabriel Van Helsing Remus Lupin
16%
19 Dodge Landon Drago Malefoy
14%
3 Malcolm et Robert Minerva McGonagall
13%
17 Norvège Norbert
13%
2 Rouge Rubeus Hagrid
11%
21 Mme Bucket Bellatrix Lestrange
10%
20 Kelly Marot Mimi Geignarde
8%
4 Bandit Hedwige
6%
Aucun quiz correspondant
Distribution des résultats
% des personnes avec chaque résultat
Percentile par nombre de réponses
Votre historique - résultats
Vous n’avez pas pris ce quiz